Ultima Promozione in Serie A - Quiz n°4 (Speciale Passato) - Statistics

Statistiche generali
  • Questo quiz è stato fatto 13 volte
  • Il punteggio medio è 3 su 14
Statistiche sulle risposte
Hint Risposta % Corretto
Ternana 1973-1974
46%
Casale 1929-1930
31%
Sampierdarenese 1940-1941
31%
Legnano 1952-1953
23%
Pistoiese 1979-1980
23%
Alessandria 1956-1957
15%
Triestina 1957-1958
15%
Lecco 1965-1966
15%
Mantova 1970-1971
15%
Varese 1973-1974
15%
Avellino 1977-1978
15%
Lucchese 1946-1947
8%
Pro Patria 1953-1954
8%
Catanzaro 1977-1978
8%
Nessun quiz corrispondente trovato
Distribuzione punteggi
Percentuale di utenti per punteggio
Percentile per numero di risposta
I tuoi punteggi nel tempo
Non hai fatto questo quiz